El Cabanyal : un barrio patrimonial a rehabilitar

Đã lưu trong:
Chi tiết về thư mục
Tác giả chính: Jarque, Francesc 1940-2016 (Tác giả, autor)
Tác giả khác: Jarque, Andrés (fotógrafo), Simó, Trinidad 1935-2020 (Biên tập viên)
Định dạng: eBook
Ngôn ngữ:Tiếng Tây Ban Nha
Được phát hành: [Valencia] PUV 2013.
Những chủ đề:
Truy cập trực tuyến:https://elibro.unach.elogim.com/es/lc/unach/titulos/292691
Các nhãn: Thêm thẻ
Không có thẻ, Là người đầu tiên thẻ bản ghi này!

MARC

LEADER 00000nam a2200000 i 4500
001 ELB292691
003 FINmELB
005 20251210081936.0
006 m o d |
007 cr cnu||||||||
008 260219s2013 sp a o 000 0 spa d
020 |a 9788437093406  |q (ebook) 
020 |z 9788437090962 
035 |a (OCoLC)991960368 
040 |a FINmELB  |b eng  |e rda  |c FINmELB 
050 4 |a DP402.V2  |b J377 2013 
080 |a 94(460.313 v.-21 Cabanyal-Canyameral)"17/19" 
082 0 4 |a 946.76  |2 23 
100 1 |a Jarque, Francesc  |d 1940-2016  |e autor  |4 aut 
245 1 0 |a El Cabanyal :  |b un barrio patrimonial a rehabilitar  |c fotografías de Francesc Jarque Bayo con la colaboración de Andrés Jarque ; texto de Trinidad Simó 
264 1 |a [Valencia]  |b PUV  |c 2013. 
300 |a 1 recurso en línea :  |b ilustraciones, planos 
336 |a texto  |b txt  |2 rdamedia/spa 
337 |a computadora  |b c  |2 rdamedia/spa 
338 |a recurso en línea  |b cr  |2 rdacarrier/spa 
504 |a Bibliografía: páginas 123-125 
588 |a Descripción basada en metadatos suministrados por el editor y otras fuentes. 
590 |a Recurso electrónico. Santa Fe, Arg.: elibro, 2026. Disponible vía World Wide Web. El acceso puede estar limitado para las bibliotecas afiliadas a elibro. 
651 4 |a Cabanyal-Canyamelar (Valencia, Barrio)  |x Historia 
655 4 |a Libros electrónicos. 
700 1 |a Jarque, Andrés  |e fotógrafo 
700 1 |a Simó, Trinidad  |d 1935-2020  |e editor 
797 2 |a elibro, Corp. 
856 4 0 |u https://elibro.unach.elogim.com/es/lc/unach/titulos/292691